| 000 | 00451nam a2200181Ia 4500 | ||
|---|---|---|---|
| 001 | 20296 | ||
| 005 | 20260306172755.0 | ||
| 008 | 260306t2006||||xx |||||||||||||| ||spa|| | ||
| 041 | _aESP | ||
| 082 |
_a343.1 _bR75 |
||
| 100 |
_aRodríguez Domínguez, Elvito A. _eAUT |
||
| 245 | 0 | _aManual de derecho procesal constitucional | |
| 260 | _c2006 | ||
| 300 |
_a857 páginas : _c24 cm. |
||
| 650 | _aGEN | ||
| 654 | _aCDE | ||
| 942 |
_cLIB _dJUS _fJUS _2ddc _n |
||
| 999 |
_c20296 _d20296 |
||